| 000 | 00490nam a2200181 4500 | ||
|---|---|---|---|
| 005 | 20260506160631.0 | ||
| 008 | 260506b |||||||| |||| 00| 0 eng d | ||
| 020 |
_a9783110153392 _qpbk |
||
| 041 | _aeng | ||
| 082 | _a341.09 GRE | ||
| 100 | _aGrewe,Wilhelm Georg | ||
| 245 |
_aThe Epochs of International Law _cWilhelm Georg Grewe |
||
| 260 |
_aNew York _bWalter de Gruyter _c2000 |
||
| 300 |
_a780p. : _c20cm. |
||
| 504 | _aBib and Ref | ||
| 650 | _aLaw of nations | ||
| 942 | _cENGLISH | ||
| 999 |
_c622682 _d622682 |
||